000 01155cam a22001694a 4500
005 20250605163654.0
008 250528s ||||||||||||||||||||||||d
035 _a24004
040 _aGR-AtMCL
_bgre
_dGR-AtMCL
_eAACR2
245 1 _aSupply Chain and Logistics / Το Περιοδικό για την Εφοδιαστική Αλυσίδα
260 _bScl Magazine,
_c2018
300 _a80
520 _aΕίναι τα Logistics σε Κρίση Στέγης;, Μέγιστη Απόδοση στις Αποθήκες της Πέτυχε η PAL με τα Συστήματα ΒΙΕΜΕΤ, Τα Επιχειρηματικά Πάρκα Αποτελούν την Ενδεδειγμένη Λύση για Σύγχρονες Επιχειρήσεις Logistics, Equipment Leasing of Rental: 2 Χρήσιμα Εργαλεία για Cost Saving, Cargo Plus Its Hellas: Μονόδρομος η Ανάπτυξη και Εφαρμογή Ευφυών Συστημάτων Μεταφορών, Νέο Volkswagen Crafter Εντυπωσιακό ως την Τελευταία Λεπτομέρεια.
942 _cCR
999 _c8907
_d8907